000 00300nam a22001337a 4500
008 181011b xxu||||| |||| 00| 0 eng d
020 _a9780877797098
041 _aeng
080 _210 th
_a038
100 _a23
101 _aFJA
245 _aCollegiate Dictionary
_cWebsters.M
942 _2udc
_cBK
999 _c49350
_d49350